[Event "DEM U12w 2022"]
[Site "Willingen GER"]
[Date "2022.06.08"]
[Round "5"]
[White "Yamshchikova, Alisa"]
[Black "Vogt, Luna"]
[Result "0-1"]
[Termination "normal"]
[Board "8"]
[WhiteElo "1216"]
[BlackElo "1334"]
[WhiteClock "00:02:55"]
[BlackClock "00:32:08"]
[PlyCount "102"]
[WhiteFideId "34135790"]
[BlackFideId "34607153"]
[EventCountry "GER"]
[EventRounds "9"]
[EventType "swiss"]
[EventDate "2022.06.04"]

1. e4 {[%clk 01:30:59]} c6 {[%clk 01:30:53]} {[%emt 00:00:08]} 2. Nf3 {[%clk
01:31:23]} {[%emt 00:00:05]} d5 {[%clk 01:31:15]} {[%emt 00:00:09]} 3. Nc3
{[%clk 01:31:48]} {[%emt 00:00:05]} dxe4 {[%clk 01:31:35]} {[%emt 00:00:09]} 4.
Nxe4 {[%clk 01:32:12]} {[%emt 00:00:06]} Nf6 {[%clk 01:31:53]} {[%emt
00:00:12]} 5. Qe2 {[%clk 01:32:33]} {[%emt 00:00:10]} Nxe4 {[%clk 01:32:13]}
{[%emt 00:00:11]} 6. Qxe4 {[%clk 01:32:56]} {[%emt 00:00:05]} Qa5 {[%clk
01:32:29]} {[%emt 00:00:14]} 7. c3 {[%clk 01:27:50]} {[%emt 00:05:37]} Bf5
{[%clk 01:32:07]} {[%emt 00:00:51]} 8. Qe3 {[%clk 01:26:39]} {[%emt 00:01:41]}
e6 {[%clk 01:31:30]} {[%emt 00:01:08]} 9. d4 {[%clk 01:21:29]} {[%emt
00:05:40]} Bd6 {[%clk 01:27:41]} {[%emt 00:04:18]} 10. Bd3 {[%clk 01:20:20]}
{[%emt 00:01:39]} Bxd3 {[%clk 01:26:42]} {[%emt 00:01:29]} 11. Qxd3 {[%clk
01:20:43]} {[%emt 00:00:07]} Nd7 {[%clk 01:26:35]} {[%emt 00:00:38]} 12. O-O
{[%clk 01:20:57]} {[%emt 00:00:16]} O-O {[%clk 01:25:32]} {[%emt 00:01:33]} 13.
Ng5 {[%clk 01:14:10]} {[%emt 00:07:16]} Nf6 {[%clk 01:24:05]} {[%emt 00:01:58]}
14. f4 {[%clk 00:50:54]} {[%emt 00:23:46]} h6 {[%clk 01:13:26]} {[%emt
00:11:09]} 15. Ne4 {[%clk 00:43:27]} {[%emt 00:07:56]} Nxe4 {[%clk 01:12:20]}
{[%emt 00:01:37]} 16. Qxe4 {[%clk 00:43:50]} {[%emt 00:00:06]} Qd5 {[%clk
01:12:06]} {[%emt 00:00:44]} 17. Qe2 {[%clk 00:39:28]} {[%emt 00:04:53]} Rfe8
{[%clk 01:08:58]} {[%emt 00:03:37]} 18. Qg4 {[%clk 00:34:54]} {[%emt 00:05:02]}
Qf5 {[%clk 00:59:32]} {[%emt 00:09:57]} 19. Qf3 {[%clk 00:27:47]} {[%emt
00:07:37]} Qd5 {[%clk 00:57:44]} {[%emt 00:02:19]} 20. Qg4 {[%clk 00:27:58]}
{[%emt 00:00:20]} Qf5 {[%clk 00:56:36]} {[%emt 00:01:37]} 21. Qg3 {[%clk
00:27:23]} {[%emt 00:01:04]} Kf8 {[%clk 00:47:48]} {[%emt 00:09:19]} 22. Kh1
{[%clk 00:18:54]} {[%emt 00:09:00]} Rad8 {[%clk 00:45:34]} {[%emt 00:02:44]}
23. Be3 {[%clk 00:17:24]} {[%emt 00:01:59]} c5 {[%clk 00:44:01]} {[%emt
00:02:04]} 24. Rae1 {[%clk 00:16:42]} {[%emt 00:01:11]} Qd5 {[%clk 00:41:39]}
{[%emt 00:02:51]} 25. b3 {[%clk 00:14:30]} {[%emt 00:02:43]} b6 {[%clk
00:38:40]} {[%emt 00:03:29]} 26. dxc5 {[%clk 00:06:26]} {[%emt 00:08:35]} Bxc5
{[%clk 00:38:02]} {[%emt 00:01:07]} 27. Bxc5+ {[%clk 00:06:48]} {[%emt
00:00:08]} Qxc5 {[%clk 00:38:15]} {[%emt 00:00:16]} 28. Re5 {[%clk 00:06:44]}
{[%emt 00:00:35]} Rd5 {[%clk 00:36:36]} {[%emt 00:02:09]} 29. Rxd5 {[%clk
00:06:10]} {[%emt 00:01:04]} Qxd5 {[%clk 00:36:54]} {[%emt 00:00:13]} 30. h3
{[%clk 00:06:06]} {[%emt 00:00:33]} e5 {[%clk 00:34:04]} {[%emt 00:03:20]} 31.
fxe5 {[%clk 00:05:37]} {[%emt 00:00:59]} Qxe5 {[%clk 00:33:59]} {[%emt
00:00:34]} 32. Qf3 {[%clk 00:05:27]} {[%emt 00:00:40]} f6 {[%clk 00:33:04]}
{[%emt 00:01:26]} 33. Kg1 {[%clk 00:02:50]} {[%emt 00:03:07]} Qc5+ {[%clk
00:30:09]} {[%emt 00:03:23]} 34. Kh2 {[%clk 00:02:45]} {[%emt 00:00:37]} Qe5+
{[%clk 00:28:49]} {[%emt 00:01:50]} 35. Kg1 {[%clk 00:02:51]} {[%emt 00:00:23]}
Qe3+ {[%clk 00:28:35]} {[%emt 00:00:45]} 36. Qxe3 {[%clk 00:02:26]} {[%emt
00:00:55]} Rxe3 {[%clk 00:28:58]} {[%emt 00:00:07]} 37. Rf3 {[%clk 00:00:49]}
{[%emt 00:02:08]} Rxf3 {[%clk 00:25:39]} {[%emt 00:03:48]} 38. gxf3 {[%clk
00:01:17]} {[%emt 00:00:02]} g5 {[%clk 00:25:53]} {[%emt 00:00:16]} 39. Kf2
{[%clk 00:01:40]} {[%emt 00:00:07]} Ke7 {[%clk 00:26:13]} {[%emt 00:00:10]} 40.
Ke3 {[%clk 00:01:48]} {[%emt 00:00:22]} f5 {[%clk 00:25:40]} {[%emt 00:01:03]}
41. c4 {[%clk 00:00:55]} {[%emt 00:01:23]} Ke6 {[%clk 00:25:24]} {[%emt
00:00:47]} 42. Kd4 {[%clk 00:28:32]} {[%emt 00:02:52]} h5 {[%clk 00:52:12]}
{[%emt 00:03:41]} 43. Kd3 {[%clk 00:23:02]} {[%emt 00:06:01]} Ke5 {[%clk
00:51:23]} {[%emt 00:01:14]} 44. Ke3 {[%clk 00:08:39]} {[%emt 00:14:58]} f4+
{[%clk 00:44:33]} {[%emt 00:07:20]} 45. Ke2 {[%clk 00:08:23]} {[%emt 00:00:46]}
Kd4 {[%clk 00:42:23]} {[%emt 00:02:39]} 46. Kd2 {[%clk 00:06:39]} {[%emt
00:02:15]} h4 {[%clk 00:41:51]} {[%emt 00:01:03]} 47. Kc2 {[%clk 00:02:15]}
{[%emt 00:04:54]} Ke3 {[%clk 00:41:45]} {[%emt 00:00:35]} 48. b4 {[%clk
00:02:17]} {[%emt 00:00:29]} Kd4 {[%clk 00:32:12]} {[%emt 00:10:03]} 49. Kb3
{[%clk 00:02:23]} {[%emt 00:00:24]} g4 {[%clk 00:31:25]} {[%emt 00:01:16]} 50.
hxg4 {[%clk 00:02:29]} {[%emt 00:00:17]} h3 {[%clk 00:31:48]} {[%emt 00:00:15]}
51. g5 {[%clk 00:02:55]} {[%emt 00:00:03]} h2 {[%clk 00:32:08]} {[%emt
00:00:10]} 0-1

[Event "DEM U12w 2022"]
[Site "Willingen GER"]
[Date "2022.06.08"]
[Round "5"]
[White "Neininger, Sarah"]
[Black "Xiao, Yiyi"]
[Result "1/2-1/2"]
[Termination "normal"]
[Board "9"]
[WhiteElo "1429"]
[BlackElo "1064"]
[WhiteClock "00:16:42"]
[BlackClock "01:37:52"]
[PlyCount "109"]
[WhiteFideId "16287410"]
[BlackFideId "34605665"]
[EventCountry "GER"]
[EventRounds "9"]
[EventType "swiss"]
[EventDate "2022.06.04"]

1. e4 {[%clk 01:30:58]} {[%emt 00:00:01]} e5 {[%clk 01:30:51]} {[%emt
00:00:09]} 2. Nf3 {[%clk 01:31:24]} {[%emt 00:00:05]} Nc6 {[%clk 01:31:15]}
{[%emt 00:00:06]} 3. d4 {[%clk 01:31:50]} {[%emt 00:00:04]} exd4 {[%clk
01:31:03]} {[%emt 00:00:42]} 4. Bc4 {[%clk 01:32:11]} {[%emt 00:00:08]} Bc5
{[%clk 01:31:07]} {[%emt 00:00:27]} 5. Ng5 {[%clk 01:32:31]} {[%emt 00:00:10]}
Ne5 {[%clk 01:31:05]} {[%emt 00:00:32]} 6. Nxf7 {[%clk 01:32:08]} {[%emt
00:00:53]} Nxf7 {[%clk 01:29:31]} {[%emt 00:02:04]} 7. Bxf7+ {[%clk 01:32:29]}
{[%emt 00:00:08]} Kxf7 {[%clk 01:30:00]} {[%emt 00:00:02]} 8. Qh5+ {[%clk
01:32:42]} {[%emt 00:00:17]} g6 {[%clk 01:29:18]} {[%emt 00:01:12]} 9. Qxc5
{[%clk 01:33:02]} {[%emt 00:00:09]} Nf6 {[%clk 01:29:31]} {[%emt 00:00:17]} 10.
O-O {[%clk 01:32:24]} {[%emt 00:01:08]} Re8 {[%clk 01:29:42]} {[%emt 00:00:20]}
11. e5 {[%clk 01:28:47]} {[%emt 00:04:06]} d6 {[%clk 01:28:36]} {[%emt
00:01:37]} 12. exd6 {[%clk 01:13:34]} {[%emt 00:15:43]} Qxd6 {[%clk 01:28:22]}
{[%emt 00:00:44]} 13. Qxd6 {[%clk 01:12:25]} {[%emt 00:01:39]} cxd6 {[%clk
01:28:43]} {[%emt 00:00:09]} 14. Bf4 {[%clk 01:11:45]} {[%emt 00:01:09]} Bf5
{[%clk 01:28:21]} {[%emt 00:00:53]} 15. Na3 {[%clk 01:10:27]} {[%emt 00:01:49]}
a6 {[%clk 01:27:33]} {[%emt 00:01:18]} 16. Rad1 {[%clk 00:44:57]} {[%emt
00:25:57]} d5 {[%clk 01:26:12]} {[%emt 00:01:53]} 17. Rxd4 {[%clk 00:43:08]}
{[%emt 00:02:18]} Rac8 {[%clk 01:25:09]} {[%emt 00:01:34]} 18. c3 {[%clk
00:43:06]} {[%emt 00:00:33]} Re2 {[%clk 01:24:43]} {[%emt 00:00:55]} 19. Rd2
{[%clk 00:32:34]} {[%emt 00:11:01]} Rce8 {[%clk 01:23:25]} {[%emt 00:01:49]}
20. h3 {[%clk 00:29:12]} {[%emt 00:03:52]} Rxd2 {[%clk 01:23:11]} {[%emt
00:00:44]} 21. Bxd2 {[%clk 00:29:36]} {[%emt 00:00:06]} Re2 {[%clk 01:23:26]}
{[%emt 00:00:16]} 22. Bc1 {[%clk 00:29:02]} {[%emt 00:01:03]} Bd3 {[%clk
01:23:18]} {[%emt 00:00:37]} 23. Rd1 {[%clk 00:25:38]} {[%emt 00:03:53]} Bf5
{[%clk 01:22:41]} {[%emt 00:01:08]} 24. Kf1 {[%clk 00:25:01]} {[%emt 00:01:07]}
Re7 {[%clk 01:22:18]} {[%emt 00:00:48]} 25. Bg5 {[%clk 00:18:38]} {[%emt
00:06:57]} Rd7 {[%clk 01:21:06]} {[%emt 00:01:44]} 26. f3 {[%clk 00:16:35]}
{[%emt 00:02:33]} Ke6 {[%clk 01:19:29]} {[%emt 00:02:06]} 27. g4 {[%clk
00:16:01]} {[%emt 00:01:04]} Be4 {[%clk 01:18:16]} {[%emt 00:01:44]} 28. fxe4
{[%clk 00:15:51]} {[%emt 00:00:40]} Nxe4 {[%clk 01:18:36]} {[%emt 00:00:09]}
29. Bf4 {[%clk 00:15:10]} {[%emt 00:01:11]} Rf7 {[%clk 01:18:39]} {[%emt
00:00:27]} 30. Ke2 {[%clk 00:14:29]} {[%emt 00:01:11]} Rxf4 {[%clk 01:18:56]}
{[%emt 00:00:13]} 31. Ke3 {[%clk 00:14:08]} {[%emt 00:00:51]} g5 {[%clk
01:17:36]} {[%emt 00:01:51]} 32. Rd4 {[%clk 00:11:20]} {[%emt 00:03:18]} Ke5
{[%clk 01:15:45]} {[%emt 00:02:21]} 33. c4 {[%clk 00:09:42]} {[%emt 00:02:07]}
Rf3+ {[%clk 01:14:32]} {[%emt 00:01:43]} 34. Kxf3 {[%clk 00:10:04]} {[%emt
00:00:09]} Kxd4 {[%clk 01:14:53]} {[%emt 00:00:08]} 35. cxd5 {[%clk 00:09:57]}
{[%emt 00:00:38]} Kxd5 {[%clk 01:15:14]} {[%emt 00:00:09]} 36. Ke3 {[%clk
00:10:20]} {[%emt 00:00:07]} b5 {[%clk 01:15:25]} {[%emt 00:00:18]} 37. Nc2
{[%clk 00:10:14]} {[%emt 00:00:36]} a5 {[%clk 01:14:56]} {[%emt 00:01:00]} 38.
b4 {[%clk 00:08:37]} {[%emt 00:02:07]} a4 {[%clk 01:14:52]} {[%emt 00:00:34]}
39. Nd4 {[%clk 00:05:06]} {[%emt 00:03:58]} Nc3 {[%clk 01:09:35]} {[%emt
00:05:50]} 40. a3 {[%clk 00:03:24]} {[%emt 00:02:12]} Kc4 {[%clk 01:09:15]}
{[%emt 00:00:49]} 41. Nc2 {[%clk 00:24:50]} {[%emt 00:09:04]} Kb3 {[%clk
01:39:15]} {[%emt 00:00:30]} 42. Kd3 {[%clk 00:25:08]} {[%emt 00:00:13]} Nb1
{[%clk 01:38:36]} {[%emt 00:01:08]} 43. Nd4+ {[%clk 00:19:10]} {[%emt
00:06:27]} Kxa3 {[%clk 01:37:16]} {[%emt 00:01:50]} 44. Kc2 {[%clk 00:19:14]}
{[%emt 00:00:28]} Nd2 {[%clk 01:36:10]} {[%emt 00:01:36]} 45. Kxd2 {[%clk
00:17:59]} {[%emt 00:01:45]} Kxb4 {[%clk 01:36:32]} {[%emt 00:00:08]} 46. Kc2
{[%clk 00:18:17]} {[%emt 00:00:12]} Kc4 {[%clk 01:36:50]} {[%emt 00:00:12]} 47.
Nf3 {[%clk 00:17:19]} {[%emt 00:01:28]} h6 {[%clk 01:36:44]} {[%emt 00:00:36]}
48. Kb2 {[%clk 00:16:56]} {[%emt 00:00:53]} b4 {[%clk 01:37:03]} {[%emt
00:00:11]} 49. Ne5+ {[%clk 00:16:43]} {[%emt 00:00:43]} Kd4 {[%clk 01:37:22]}
{[%emt 00:00:10]} 50. Nc6+ {[%clk 00:15:44]} {[%emt 00:01:29]} Kc4 {[%clk
01:37:43]} {[%emt 00:00:09]} 51. Ne5+ {[%clk 00:16:07]} {[%emt 00:00:08]} Kd4
{[%clk 01:37:53]} {[%emt 00:00:20]} 52. Nc6+ {[%clk 00:16:32]} {[%emt
00:00:05]} Kc5 {[%clk 01:37:21]} {[%emt 00:01:02]} 53. Ne5 {[%clk 00:16:43]}
{[%emt 00:00:18]} Kd5 {[%clk 01:37:35]} {[%emt 00:00:16]} 54. Nd3 {[%clk
00:16:57]} {[%emt 00:00:16]} Kc4 {[%clk 01:37:52]} {[%emt 00:00:13]} 55. Ne5+
{[%clk 00:16:42]} {[%emt 00:00:08]} 1/2-1/2

[Event "DEM U12w 2022"]
[Site "Willingen GER"]
[Date "2022.06.08"]
[Round "5"]
[White "Richter, Johanna"]
[Black "Hoffmann, Svenja"]
[Result "1-0"]
[Termination "normal"]
[Board "10"]
[WhiteElo "1363"]
[BlackElo "1284"]
[WhiteClock "00:16:37"]
[BlackClock "00:51:39"]
[PlyCount "155"]
[WhiteFideId "16278925"]
[BlackFideId "16287312"]
[EventCountry "GER"]
[EventRounds "9"]
[EventType "swiss"]
[EventDate "2022.06.04"]

1. d4 {[%clk 01:30:59]} Nf6 {[%clk 01:30:24]} {[%emt 00:00:37]} 2. c4 {[%clk
01:31:18]} {[%emt 00:00:11]} g6 {[%clk 01:29:59]} {[%emt 00:00:54]} 3. Nc3
{[%clk 01:31:31]} {[%emt 00:00:17]} Bg7 {[%clk 01:29:51]} {[%emt 00:00:38]} 4.
Nf3 {[%clk 01:31:48]} {[%emt 00:00:13]} O-O {[%clk 01:29:40]} {[%emt 00:00:41]}
5. g3 {[%clk 01:32:09]} {[%emt 00:00:09]} d6 {[%clk 01:28:40]} {[%emt
00:01:30]} 6. Bg2 {[%clk 01:32:26]} {[%emt 00:00:14]} Nbd7 {[%clk 01:28:08]}
{[%emt 00:01:02]} 7. O-O {[%clk 01:31:26]} {[%emt 00:01:30]} e5 {[%clk
01:27:05]} {[%emt 00:01:32]} 8. dxe5 {[%clk 01:27:10]} {[%emt 00:04:47]} dxe5
{[%clk 01:24:53]} {[%emt 00:02:41]} 9. Qc2 {[%clk 01:24:59]} {[%emt 00:02:42]}
c6 {[%clk 01:22:23]} {[%emt 00:02:59]} 10. a3 {[%clk 01:18:36]} {[%emt
00:06:54]} a5 {[%clk 01:18:17]} {[%emt 00:04:35]} 11. Bg5 {[%clk 01:12:08]}
{[%emt 00:06:58]} Qc7 {[%clk 01:16:14]} {[%emt 00:02:33]} 12. Qc1 {[%clk
01:03:25]} {[%emt 00:09:14]} Re8 {[%clk 01:11:27]} {[%emt 00:05:16]} 13. Bh6
{[%clk 01:00:41]} {[%emt 00:03:14]} Ng4 {[%clk 01:06:12]} {[%emt 00:05:45]} 14.
Bxg7 {[%clk 00:56:26]} {[%emt 00:04:45]} Kxg7 {[%clk 01:06:19]} {[%emt
00:00:23]} 15. h3 {[%clk 00:53:13]} {[%emt 00:03:43]} Nh6 {[%clk 01:05:48]}
{[%emt 00:01:01]} 16. b4 {[%clk 00:43:03]} {[%emt 00:10:41]} f5 {[%clk
01:04:47]} {[%emt 00:01:30]} 17. Qb2 {[%clk 00:41:02]} {[%emt 00:02:31]} Nf6
{[%clk 01:04:03]} {[%emt 00:01:14]} 18. Ne1 {[%clk 00:31:16]} {[%emt 00:10:17]}
Be6 {[%clk 01:00:29]} {[%emt 00:04:03]} 19. c5 {[%clk 00:28:27]} {[%emt
00:03:20]} Nf7 {[%clk 00:58:14]} {[%emt 00:02:45]} 20. Nc2 {[%clk 00:26:08]}
{[%emt 00:02:48]} Bc4 {[%clk 00:54:19]} {[%emt 00:04:25]} 21. Rfe1 {[%clk
00:24:34]} {[%emt 00:02:05]} f4 {[%clk 00:53:30]} {[%emt 00:01:18]} 22. Na4
{[%clk 00:17:32]} {[%emt 00:07:32]} axb4 {[%clk 00:50:49]} {[%emt 00:03:11]}
23. Nb6 {[%clk 00:16:52]} {[%emt 00:01:10]} bxa3 {[%clk 00:50:25]} {[%emt
00:00:54]} 24. Nxa8 {[%clk 00:16:53]} {[%emt 00:00:30]} axb2 {[%clk 00:49:37]}
{[%emt 00:01:17]} 25. Nxc7 {[%clk 00:17:20]} {[%emt 00:00:03]} bxa1=Q {[%clk
00:49:21]} {[%emt 00:00:47]} 26. Nxe8+ {[%clk 00:17:48]} {[%emt 00:00:02]} Nxe8
{[%clk 00:49:15]} {[%emt 00:00:35]} 27. Nxa1 {[%clk 00:18:00]} {[%emt
00:00:19]} g5 {[%clk 00:46:22]} {[%emt 00:03:23]} 28. e3 {[%clk 00:15:52]}
{[%emt 00:02:37]} fxg3 {[%clk 00:44:05]} {[%emt 00:02:47]} 29. fxg3 {[%clk
00:16:15]} {[%emt 00:00:08]} h5 {[%clk 00:44:19]} {[%emt 00:00:15]} 30. Bf1
{[%clk 00:16:17]} {[%emt 00:00:28]} Bd5 {[%clk 00:44:39]} {[%emt 00:00:10]} 31.
Nc2 {[%clk 00:15:33]} {[%emt 00:01:14]} Nf6 {[%clk 00:44:33]} {[%emt 00:00:36]}
32. Nb4 {[%clk 00:14:21]} {[%emt 00:01:42]} e4 {[%clk 00:43:27]} {[%emt
00:01:36]} 33. Kf2 {[%clk 00:12:43]} {[%emt 00:02:08]} Nd7 {[%clk 00:43:17]}
{[%emt 00:00:40]} 34. Nxd5 {[%clk 00:11:59]} {[%emt 00:01:15]} cxd5 {[%clk
00:43:36]} {[%emt 00:00:10]} 35. Rd1 {[%clk 00:12:13]} {[%emt 00:00:16]} Nf6
{[%clk 00:43:02]} {[%emt 00:01:04]} 36. Bb5 {[%clk 00:11:11]} {[%emt 00:01:32]}
Ne5 {[%clk 00:43:08]} {[%emt 00:00:24]} 37. Be2 {[%clk 00:10:35]} {[%emt
00:01:06]} g4 {[%clk 00:43:09]} {[%emt 00:00:29]} 38. h4 {[%clk 00:10:16]}
{[%emt 00:00:50]} Kf7 {[%clk 00:43:02]} {[%emt 00:00:36]} 39. Rb1 {[%clk
00:10:18]} {[%emt 00:00:27]} Nd3+ {[%clk 00:42:44]} {[%emt 00:00:49]} 40. Bxd3
{[%clk 00:10:21]} {[%emt 00:00:27]} exd3 {[%clk 00:42:56]} {[%emt 00:00:18]}
41. Rxb7+ {[%clk 00:10:21]} {[%emt 00:00:30]} Ke6 {[%clk 00:43:15]} {[%emt
00:00:11]} 42. Rb6+ {[%clk 00:10:43]} {[%emt 00:00:08]} Ke5 {[%clk 00:43:32]}
{[%emt 00:00:12]} 43. Rxf6 {[%clk 00:09:53]} {[%emt 00:01:21]} Kxf6 {[%clk
00:43:48]} {[%emt 00:00:14]} 44. Ke1 {[%clk 00:09:45]} {[%emt 00:00:38]} Ke5
{[%clk 00:43:23]} {[%emt 00:00:55]} 45. Kd2 {[%clk 00:10:08]} {[%emt 00:00:07]}
Ke6 {[%clk 00:43:24]} {[%emt 00:00:29]} 46. Kxd3 {[%clk 00:10:32]} {[%emt
00:00:06]} Ke5 {[%clk 00:43:50]} {[%emt 00:00:04]} 47. c6 {[%clk 00:10:42]}
{[%emt 00:00:20]} Kd6 {[%clk 00:44:15]} {[%emt 00:00:05]} 48. c7 {[%clk
00:11:02]} {[%emt 00:00:11]} Kxc7 {[%clk 00:44:41]} {[%emt 00:00:04]} 49. Kc3
{[%clk 00:10:50]} {[%emt 00:00:41]} Kc6 {[%clk 00:44:46]} {[%emt 00:00:25]} 50.
Kd3 {[%clk 00:10:45]} {[%emt 00:00:35]} Kd6 {[%clk 00:44:43]} {[%emt 00:00:33]}
51. Kd4 {[%clk 00:11:10]} {[%emt 00:00:05]} Ke6 {[%clk 00:45:06]} {[%emt
00:00:06]} 52. e4 {[%clk 00:11:22]} {[%emt 00:00:19]} dxe4 {[%clk 00:45:27]}
{[%emt 00:00:09]} 53. Kxe4 {[%clk 00:11:50]} {[%emt 00:00:02]} Kf6 {[%clk
00:45:31]} {[%emt 00:00:26]} 54. Kf4 {[%clk 00:12:17]} {[%emt 00:00:03]} Kg6
{[%clk 00:45:34]} {[%emt 00:00:26]} 55. Ke5 {[%clk 00:12:40]} {[%emt 00:00:08]}
Kg7 {[%clk 00:45:27]} {[%emt 00:00:37]} 56. Kf5 {[%clk 00:13:02]} {[%emt
00:00:08]} Kh6 {[%clk 00:45:51]} {[%emt 00:00:06]} 57. Kf6 {[%clk 00:13:30]}
{[%emt 00:00:03]} Kh7 {[%clk 00:45:30]} {[%emt 00:00:50]} 58. Kg5 {[%clk
00:13:50]} {[%emt 00:00:10]} Kg7 {[%clk 00:45:55]} {[%emt 00:00:05]} 59. Kxh5
{[%clk 00:14:14]} {[%emt 00:00:07]} Kh7 {[%clk 00:46:18]} {[%emt 00:00:07]} 60.
Kxg4 {[%clk 00:14:30]} {[%emt 00:00:13]} Kg6 {[%clk 00:46:41]} {[%emt
00:00:07]} 61. h5+ {[%clk 00:14:27]} {[%emt 00:00:33]} Kh6 {[%clk 00:47:05]}
{[%emt 00:00:06]} 62. Kh4 {[%clk 00:14:30]} {[%emt 00:00:26]} Kg7 {[%clk
00:47:23]} {[%emt 00:00:12]} 63. Kg5 {[%clk 00:14:57]} {[%emt 00:00:04]} Kh7
{[%clk 00:47:46]} {[%emt 00:00:07]} 64. g4 {[%clk 00:15:07]} {[%emt 00:00:20]}
Kg7 {[%clk 00:48:08]} {[%emt 00:00:07]} 65. Kf5 {[%clk 00:14:38]} {[%emt
00:01:00]} Kh6 {[%clk 00:48:28]} {[%emt 00:00:11]} 66. g5+ {[%clk 00:14:39]}
{[%emt 00:00:29]} Kg7 {[%clk 00:48:32]} {[%emt 00:00:26]} 67. g6 {[%clk
00:14:38]} {[%emt 00:00:31]} Kf8 {[%clk 00:48:48]} {[%emt 00:00:13]} 68. h6
{[%clk 00:14:47]} {[%emt 00:00:21]} Kg8 {[%clk 00:49:12]} {[%emt 00:00:06]} 69.
Kf6 {[%clk 00:14:51]} {[%emt 00:00:26]} Kh8 {[%clk 00:49:24]} {[%emt 00:00:18]}
70. Ke7 {[%clk 00:14:37]} {[%emt 00:00:44]} Kg8 {[%clk 00:49:40]} {[%emt
00:00:13]} 71. g7 {[%clk 00:14:56]} {[%emt 00:00:11]} Kh7 {[%clk 00:50:04]}
{[%emt 00:00:07]} 72. Kf7 {[%clk 00:15:15]} {[%emt 00:00:03]} Kxh6 {[%clk
00:50:28]} {[%emt 00:00:14]} 73. g8=Q {[%emt 00:00:10]} Kh5 {[%emt 00:00:06]}
74. Kf6 {[%clk 00:15:24]} {[%emt 00:00:05]} Kh4 {[%clk 00:50:50]} {[%emt
00:00:07]} 75. Kf5 {[%clk 00:15:48]} {[%emt 00:00:07]} Kh3 {[%clk 00:51:14]}
{[%emt 00:00:06]} 76. Kf4 {[%clk 00:16:14]} {[%emt 00:00:04]} Kh2 {[%clk
00:51:39]} {[%emt 00:00:06]} 77. Kf3 {[%clk 00:16:37]} {[%emt 00:00:04]} Kh1
{[%emt 00:00:07]} 78. Qg2# {[%clk 00:16:37]} {[%emt 00:00:03]} 1-0